[Event "World Blitz 2025"]
[Site "Doha QAT"]
[Date "2025.12.29"]
[Round "1.111"]
[White "Rami, Talab"]
[Black "Nguyen, Ngoc Truong Son"]
[Result "1/2-1/2"]
[BlackTitle "GM"]
[WhiteElo "2173"]
[BlackElo "2600"]
[WhiteFideId "7609787"]
[BlackFideId "12401110"]
[EventDate "2025.12.29"]

1. d4 Nf6 2. Nf3 e6 3. g3 d5 4. Bg2 Be7 5. O-O O-O 6. c4 dxc4 7. Ne5 Nc6 8. Bxc6
bxc6 9. Nxc6 Qe8 10. Nxe7+ Qxe7 11. Qc2 e5 12. dxe5 Qxe5 13. Bf4 Qe6 14. Nc3 Bb7
15. f3 Nd5 16. Nxd5 Bxd5 17. e4 Qb6+ 18. Kg2 Be6 19. Rfd1 Rfd8 20. Be5 Bh3+ 21.
Kxh3 Qe6+ 22. Kg2 Qxe5 23. Qc3 Qb5 24. Rd2 Rxd2+ 25. Qxd2 Rb8 26. Rb1 c3 27.
Qxc3 Qe2+ 28. Kg1 h5 29. Re1 Qxb2 30. Qxb2 Rxb2 31. Rc1 Rxa2 32. Rxc7 a5 33. Rc5
g6 34. f4 a4 35. Ra5 a3 36. e5 Kf8 37. Ra7 Ke8 38. Kf1 Kd8 39. Kg1 Kc8 40. h3
Kb8 41. Ra4 Kc7 42. g4 hxg4 43. hxg4 Kc6 44. f5 gxf5 45. gxf5 Re2 46. Rxa3 Rxe5
47. f6 Kd5 48. Kf2 Ke6 49. Ra6+ Kf5 50. Kf3 Kg5 51. Ra7 Kxf6 52. Ra6+ Kf5 53.
Ra3 Rb5 54. Kf2 Kg5 55. Kg2 f5 56. Kf2 Kg4 57. Kg2 Rb2+ 58. Kf1 f4 59. Rc3 Rh2
60. Ra3 Rh8 61. Kf2 Rd8 62. Kf1 Rd2 63. Rb3 Kf5 64. Ra3 Ke4 65. Rb3 Kf5 66. Ra3
Kg4 67. Rb3 1/2-1/2

[Event "World Blitz 2025"]
[Site "Doha QAT"]
[Date "2025.12.29"]
[Round "1.112"]
[White "Dlugy, Maxim"]
[Black "Bodemar, Jonathan"]
[Result "1-0"]
[WhiteTitle "GM"]
[BlackTitle "CM"]
[WhiteElo "2502"]
[BlackElo "2154"]
[WhiteFideId "2000075"]
[BlackFideId "6205488"]
[EventDate "2025.12.29"]

1. c4 e5 2. g3 Nf6 3. Bg2 c6 4. Nf3 e4 5. Nd4 d5 6. cxd5 cxd5 7. d3 exd3 8. Qxd3
Nc6 9. O-O Be7 10. Nc3 O-O 11. Rd1 Ne5 12. Qb5 a6 13. Qb3 Bc5 14. Nxd5 Nxd5 15.
Qxd5 Qe7 16. Bf4 Bxd4 17. Qxd4 f6 18. Qd6 Qe8 19. Rac1 Ng6 20. Be3 Bg4 21. Rd2
Rc8 22. Rxc8 Qxc8 23. Qc5 Qe8 24. Bxb7 Qa4 25. Bd5+ Kh8 26. Bb3 Qe8 1-0

[Event "World Blitz 2025"]
[Site "Doha QAT"]
[Date "2025.12.29"]
[Round "1.113"]
[White "Damaj, Mohammed"]
[Black "Sasikiran, Krishnan"]
[Result "1/2-1/2"]
[WhiteTitle "CM"]
[BlackTitle "GM"]
[WhiteElo "2119"]
[BlackElo "2538"]
[WhiteFideId "11501731"]
[BlackFideId "5004985"]
[EventDate "2025.12.29"]

1. e4 c5 2. Nf3 d6 3. g3 Nc6 4. Bg2 g6 5. c3 Bg7 6. d4 Nf6 7. d5 Ne5 8. Nxe5
dxe5 9. O-O O-O 10. a4 Ne8 11. Be3 b6 12. a5 Ba6 13. Re1 Nd6 14. b3 f5 15. f3 f4
16. Bf2 g5 17. g4 Bb5 18. c4 Bd7 19. h3 Qc7 20. axb6 axb6 21. Nc3 h5 22. Qc2 Qb7
23. Qb2 Kh7 24. Bf1 Bf6 25. Rxa8 Rxa8 26. Ra1 Kg7 27. Rxa8 Qxa8 28. Be2 Qa5 29.
Kg2 e6 30. Qc2 Be7 31. Be1 hxg4 32. hxg4 Qa1 33. Bd2 Nf7 34. Qc1 Qxc1 35. Bxc1
Nh8 36. Bb2 Ng6 37. Kf2 Kf7 38. Nd1 Bd6 39. Bc3 Ke7 1/2-1/2

[Event "World Blitz 2025"]
[Site "Doha QAT"]
[Date "2025.12.29"]
[Round "1.114"]
[White "Motylev, Alexander"]
[Black "Fates, Omer Salah"]
[Result "1-0"]
[WhiteTitle "GM"]
[WhiteElo "2573"]
[BlackElo "2079"]
[WhiteFideId "4121830"]
[BlackFideId "9212035"]
[EventDate "2025.12.29"]

1. d4 Nf6 2. g3 g6 3. Bg2 Bg7 4. e4 d6 5. Ne2 O-O 6. O-O Re8 7. Nbc3 c6 8. a4 e5
9. dxe5 dxe5 10. Qxd8 Rxd8 11. Be3 Be6 12. h3 Na6 13. a5 Nd7 14. Na4 Bc4 15.
Rfe1 Nb4 16. b3 Be6 17. Rec1 Bf8 18. Nec3 f6 19. Nb1 b5 20. Nb2 Nc5 21. Nd2 Rd7
22. Kf1 Rad8 23. Ke2 Kf7 24. Nd1 Kg7 25. h4 Bg4+ 26. f3 Be6 27. Nf2 Bf7 28. Bh3
Rb7 29. c3 Nba6 30. b4 Ne6 31. Nb3 Nec7 32. Rab1 Bc4+ 33. Ke1 Ne6 34. Nd2 Bd3
35. Bxe6 Bxb1 36. Rxb1 Nc7 37. Bh3 c5 38. bxc5 Na6 39. Nb3 Rc8 40. Bxc8 1-0

[Event "World Blitz 2025"]
[Site "Doha QAT"]
[Date "2025.12.29"]
[Round "1.115"]
[White "Dahal, Sushrut"]
[Black "Gholami Orimi, Mahdi"]
[Result "0-1"]
[WhiteTitle "CM"]
[BlackTitle "GM"]
[WhiteElo "2037"]
[BlackElo "2515"]
[WhiteFideId "12303275"]
[BlackFideId "12558486"]
[EventDate "2025.12.29"]

1. d4 Nf6 2. Nc3 d5 3. Bf4 a6 4. e3 e6 5. g4 Bb4 6. Bd3 c5 7. g5 Nfd7 8. a3 cxd4
9. exd4 Be7 10. h4 Nc6 11. Nf3 b5 12. Ne2 Nb6 13. c3 Bd6 14. Bxd6 Qxd6 15. Qd2
Nc4 16. Bxc4 dxc4 17. Qf4 Qd5 18. Rg1 Bb7 19. h5 O-O-O 20. Nd2 e5 21. Qg4+ Kb8
22. O-O-O exd4 23. Nxd4 Nxd4 24. cxd4 Qxd4 25. Qg3+ Ka8 26. Nb3 Qb6 27. Na1 Be4
28. Nc2 Qb7 29. Nb4 a5 30. Nc2 Rd3 31. Rxd3 cxd3 32. Nd4 Rd8 33. Qe3 d2+ 34. Kd1
Qd5 35. Nxb5 Bf3+ 36. Kc2 d1=Q+ 37. Rxd1 Bxd1+ 38. Kc3 Rc8+ 39. Nc7+ Rxc7+ 0-1

[Event "World Blitz 2025"]
[Site "Doha QAT"]
[Date "2025.12.29"]
[Round "1.116"]
[White "Rakhmanov, Aleksandr"]
[Black "Anand, Tsogtbileg"]
[Result "1-0"]
[WhiteTitle "GM"]
[BlackTitle "CM"]
[WhiteElo "2585"]
[BlackElo "1968"]
[WhiteFideId "4173708"]
[BlackFideId "4926552"]
[EventDate "2025.12.29"]

1. d4 Nf6 2. Nf3 e6 3. g3 b6 4. Bg2 Bb7 5. O-O Be7 6. b3 O-O 7. Bb2 d6 8. c4
Nbd7 9. Nc3 Ne4 10. Nxe4 Bxe4 11. Bh3 Nf6 12. Nd2 Bb7 13. Qc2 d5 14. Bg2 c5 15.
dxc5 Bxc5 16. Rad1 Qe7 17. Bxf6 Qxf6 18. cxd5 Bxd5 19. Bxd5 exd5 20. Nf3 Rad8
21. Rd3 Rfe8 22. Rfd1 d4 23. Qd2 Qe7 24. Kf1 h6 25. Qb2 Ba3 26. Qd2 Bb4 27. Qc2
Rc8 28. Qb2 Bc3 29. Qc2 Bb4 30. Qb2 Bc3 31. Qb1 Qxe2+ 32. Kg1 Qe4 33. h4 Rcd8
34. Qc1 Re7 35. Rxc3 dxc3 36. Rxd8+ Kh7 37. Qxc3 Qf5 38. Qd3 Qxd3 39. Rxd3 Re2
40. a4 Rb2 41. Kg2 Kg6 42. Ne5+ Kf6 43. Nc4 Rb1 44. Re3 Rc1 45. Kf3 Rc2 46. g4
g5 47. hxg5+ hxg5 48. Rd3 Ke7 49. Ne3 Rb2 50. Nd5+ Ke6 51. Nc7+ Ke7 52. Nb5 a6
53. Nc7 a5 54. Nd5+ Ke6 55. Nxb6 f5 56. gxf5+ Kxf5 57. Nc4 g4+ 1-0

[Event "World Blitz 2025"]
[Site "Doha QAT"]
[Date "2025.12.29"]
[Round "1.117"]
[White "Alkhuriji, Abdulaziz N"]
[Black "Yilmaz, Mustafa"]
[Result "0-1"]
[BlackTitle "GM"]
[WhiteElo "1972"]
[BlackElo "2595"]
[WhiteFideId "21525919"]
[BlackFideId "6302718"]
[EventDate "2025.12.29"]

1. e4 c5 2. Nf3 e6 3. d4 cxd4 4. Nxd4 Nc6 5. Nb5 d6 6. c4 Nf6 7. N5c3 Be7 8. Be2
O-O 9. O-O b6 10. Bf4 Bb7 11. Re1 Rc8 12. Nd2 Ne5 13. Rc1 Qc7 14. Bf1 Qb8 15. a3
Rfd8 16. b4 Qa8 17. Qe2 Ng6 18. Bg3 Bf8 19. Nb3 Re8 20. h3 h5 21. Na4 Nxe4 22.
Bh2 h4 23. c5 dxc5 24. bxc5 bxc5 25. Qh5 Bd5 26. Na5 c4 27. g3 hxg3 28. fxg3
Bxa3 29. Rc2 Bb4 0-1

[Event "World Blitz 2025"]
[Site "Doha QAT"]
[Date "2025.12.29"]
[Round "1.118"]
[White "Alexakis, Dimitris"]
[Black "Dinham, James"]
[Result "1-0"]
[WhiteTitle "GM"]
[WhiteElo "2544"]
[BlackElo "2091"]
[WhiteFideId "4277023"]
[BlackFideId "14327023"]
[EventDate "2025.12.29"]

1. e4 c5 2. Nf3 d6 3. d4 cxd4 4. Nxd4 Nf6 5. Nc3 a6 6. h3 e6 7. g4 d5 8. exd5
Nxd5 9. Nde2 Bb4 10. Bg2 O-O 11. O-O Nxc3 12. Nxc3 Bxc3 13. Qxd8 Rxd8 14. bxc3
Nc6 15. Rb1 h6 16. Be3 Ne5 17. Bd4 Nc4 18. Rb4 Na3 19. Rc1 Nb5 20. a4 Nxd4 21.
cxd4 a5 22. Rc4 Rb8 23. c3 Bd7 24. Rc7 Bxa4 25. Bxb7 Bb3 26. Ra1 a4 27. f4 Kf8
28. Kf2 Rd6 29. Ke3 Rb6 30. Bc6 Ra6 31. Ra3 Rd8 32. Bb5 Ra5 33. Bc4 Bxc4 34.
Rxc4 Rda8 35. Rb4 R8a7 36. c4 Ke7 37. Ke4 f5+ 38. gxf5 exf5+ 39. Kd3 g5 40. d5
gxf4 41. Rb6 R7a6 42. Rb7+ Kf6 43. Kd4 Kg5 44. Rg7+ Kf6 45. Rg1 Ra8 46. c5 Rc8
47. Rc1 f3 48. Rxf3 a3 49. Rfc3 a2 50. Ra1 Ra4+ 51. Rc4 Ra3 52. c6 Ke7 53. Ke5
Re3+ 54. Kd4 Ra3 55. Ke5 Re3+ 56. Kxf5 Kd6 57. Rxa2 Kxd5 58. Rac2 Rf3+ 59. Kg4
Rff8 60. c7 Kd6 61. Kh5 Rf7 62. Rc6+ Kd5 63. Kxh6 Rff8 64. h4 Rh8+ 65. Kg5 Rcg8+
66. Kf6 Rh6+ 67. Kf7 Rxc6 68. Rxc6 Rc8 69. Rc1 Kd6 70. h5 Kd5 1-0

[Event "World Blitz 2025"]
[Site "Doha QAT"]
[Date "2025.12.29"]
[Round "1.119"]
[White "Blackwood, Ryan"]
[Black "Kozak, Adam"]
[Result "0-1"]
[BlackTitle "GM"]
[WhiteElo "1945"]
[BlackElo "2546"]
[WhiteFideId "7400640"]
[BlackFideId "753246"]
[EventDate "2025.12.29"]

1. e4 c6 2. Nf3 d5 3. exd5 cxd5 4. d4 Nc6 5. Bd3 Bg4 6. c3 Qd7 7. O-O e6 8. Re1
Bd6 9. Bg5 Nge7 10. Nbd2 h6 11. Bh4 Nf5 12. Qa4 O-O 13. Bg3 Nxg3 14. hxg3 Rad8
15. Nf1 Bxf3 16. gxf3 e5 17. Rad1 Nxd4 18. Qxd7 Nxf3+ 19. Kh1 Rxd7 20. Re3 e4
21. Bb5 Rdd8 22. Rxd5 f5 23. Nh2 Nxh2 24. Kxh2 Bxg3+ 25. Rxg3 Rxd5 26. Bc4 Rd8
27. f3 exf3 28. Rxf3 Kf8 29. Bxd5 Rxd5 30. Kg3 g5 31. b4 b5 32. a4 bxa4 33. c4
f4+ 34. Kg4 Rd4 35. Rc3 Ke7 36. b5 Kd7 37. c5 Rb4 38. c6+ Kc7 39. Kh5 Rxb5 40.
Kxh6 g4 41. Rc4 Rf5 42. Rxa4 g3 43. Rxa7+ Kxc6 44. Ra6+ Kd5 45. Kg6 Re5 46. Kf6
Re8 47. Ra5+ Ke4 48. Ra4+ Kf3 49. Ra3+ Kg4 50. Kf7 Re3 51. Ra4 g2 52. Kg6 g1=Q
53. Ra6 Qb1+ 54. Kh6 Qh1+ 55. Kg6 Qh5+ 56. Kg7 Re7+ 57. Kf8 Qf7# 0-1

[Event "World Blitz 2025"]
[Site "Doha QAT"]
[Date "2025.12.29"]
[Round "1.120"]
[White "Kosakowski, Jakub"]
[Black "Khayat, Emad"]
[Result "1-0"]
[WhiteTitle "GM"]
[WhiteElo "2549"]
[BlackElo "1927"]
[WhiteFideId "1185080"]
[BlackFideId "21518076"]
[EventDate "2025.12.29"]

1. e4 e5 2. Nf3 Nc6 3. d4 exd4 4. Nxd4 Bb4+ 5. c3 Bc5 6. Be3 Bb6 7. Nf5 Bxe3 8.
Nxe3 Nf6 9. f3 O-O 10. c4 d6 11. Nc3 Re8 12. Be2 Nh5 13. g3 f5 14. O-O f4 15.
Ng2 Be6 16. g4 Nf6 17. Nxf4 Ne5 18. Nxe6 Rxe6 19. g5 Nh5 20. Qd2 Ng6 21. Kh1
Nhf4 22. Rg1 Re5 23. Rg4 Qf8 24. Nd5 c6 25. Nxf4 1-0

[Event "World Blitz 2025"]
[Site "Doha QAT"]
[Date "2025.12.29"]
[Round "1.121"]
[White "Al-Kuwari, Hamad"]
[Black "Bharath, Subramaniyam H"]
[Result "0-1"]
[WhiteTitle "CM"]
[BlackTitle "GM"]
[WhiteElo "1809"]
[BlackElo "2576"]
[WhiteFideId "12102679"]
[BlackFideId "46634827"]
[EventDate "2025.12.29"]

1. e4 c5 2. Nf3 e6 3. d4 cxd4 4. Nxd4 a6 5. Be3 Nf6 6. Nc3 Qc7 7. a3 b5 8. Be2
Bb7 9. f3 d6 10. O-O Nbd7 11. Qd2 Be7 12. Rad1 O-O 13. Qe1 Rac8 14. Qg3 Kh8 15.
Bd3 Nc5 16. Rfe1 Ba8 17. Nb3 Nxd3 18. cxd3 Qb8 19. f4 b4 20. axb4 Qxb4 0-1

[Event "World Blitz 2025"]
[Site "Doha QAT"]
[Date "2025.12.29"]
[Round "1.122"]
[White "Madaminov, Mukhiddin"]
[Black "Alsaqer, Meshal"]
[Result "1/2-1/2"]
[WhiteTitle "GM"]
[WhiteElo "2552"]
[BlackElo "1853"]
[WhiteFideId "14210703"]
[BlackFideId "10301771"]
[EventDate "2025.12.29"]

1. e4 e6 2. Nf3 d5 3. Nc3 dxe4 4. Nxe4 Be7 5. d4 Nd7 6. Bd3 Ngf6 7. Nxf6+ Nxf6
8. Qe2 c5 9. Be3 Qc7 10. O-O-O Bd7 11. Ne5 O-O 12. h4 Bc6 13. h5 h6 14. Kb1 cxd4
15. Bxd4 Rfd8 16. c3 b5 17. Nxc6 Qxc6 18. Bxf6 Bxf6 19. Be4 Qc5 20. Bxa8 Rxa8
21. Rh3 b4 22. cxb4 Qxb4 23. Rb3 Qf4 24. Qf3 Qxf3 25. Rxf3 Rb8 26. Rd2 Rb5 27.
g4 Re5 28. Ra3 a5 29. Ra4 Rc5 30. f3 Rb5 31. b3 Rc5 32. Rc4 Re5 33. Kc2 Re3 34.
Rf2 Kh7 35. Kd2 Re5 36. f4 Rd5+ 37. Kc2 Rd7 38. Rd2 Rb7 39. Rd6 Re7 1/2-1/2

[Event "World Blitz 2025"]
[Site "Doha QAT"]
[Date "2025.12.29"]
[Round "1.123"]
[White "AlJamaat, Khaled"]
[Black "Bjerre, Jonas Buhl"]
[Result "1-0"]
[BlackTitle "GM"]
[WhiteElo "1719"]
[BlackElo "2623"]
[WhiteFideId "12102415"]
[BlackFideId "1444948"]
[EventDate "2025.12.29"]

1. e4 c5 2. Ne2 d6 3. g3 g6 4. Bg2 Bg7 5. O-O Nc6 6. c3 e5 7. d3 Nge7 8. a4 O-O
9. Na3 Be6 10. f4 Qd7 11. Be3 b6 12. d4 exd4 13. cxd4 Bg4 14. Bf3 Bxf3 15. Rxf3
Qe6 16. f5 gxf5 17. exf5 Nxf5 18. d5 Nxe3 19. dxe6 Nxd1 20. Rxd1 Nd4 21. exf7+
Rxf7 22. Rxf7 Nxe2+ 23. Kf2 Kxf7 24. Kxe2 Ke6 25. Nb5 Rd8 26. Nxa7 d5 27. b3 Kd6
28. Nb5+ Kc6 29. Kf3 Rf8+ 30. Kg4 d4 31. Re1 Rd8 32. Re6+ Kd7 33. Rxb6 Ke7 34.
Rb7+ Kf8 35. Nc7 Rd7 36. Ne6+ Ke7 37. Rxd7+ Kxd7 38. Nxg7 d3 39. Kf3 Ke7 40.
Nf5+ Kf6 41. Nd6 Ke5 42. Nc4+ Kd4 43. a5 Kc3 44. Ke3 Kxb3 45. Kxd3 1-0

[Event "World Blitz 2025"]
[Site "Doha QAT"]
[Date "2025.12.29"]
[Round "1.124"]
[White "Lodici, Lorenzo"]
[Black "Al-Janahi, Ibrahim"]
[Result "1-0"]
[WhiteTitle "GM"]
[WhiteElo "2590"]
[BlackElo "1656"]
[WhiteFideId "884189"]
[BlackFideId "12102385"]
[EventDate "2025.12.29"]

1. e4 c5 2. Nf3 Nc6 3. Bb5 g6 4. O-O Bg7 5. c3 Nf6 6. Re1 O-O 7. d4 cxd4 8. cxd4
d5 9. e5 Nd7 10. Nc3 Nb6 11. Bxc6 bxc6 12. h3 Rb8 13. b3 Qc7 14. Ba3 Rd8 15. Rc1
e6 16. Qd2 Ba6 17. h4 Bf8 18. Bxf8 Rxf8 19. h5 Qe7 20. Nd1 Bb7 21. Ne3 f6 22.
hxg6 hxg6 23. Ng4 Nd7 24. exf6 Nxf6 25. Qg5 Qg7 26. Re4 e5 27. Rxe5 Bc8 28. Re6 1-0

[Event "World Blitz 2025"]
[Site "Doha QAT"]
[Date "2025.12.29"]
[Round "1.125"]
[White "Ahmad, Saif"]
[Black "Jumabayev, Rinat"]
[Result "0-1"]
[BlackTitle "GM"]
[WhiteElo "1567"]
[BlackElo "2560"]
[WhiteFideId "12102709"]
[BlackFideId "13702661"]
[EventDate "2025.12.29"]

1. d4 Nf6 2. c4 e6 3. Nc3 Bb4 4. e3 O-O 5. Bd3 c5 6. Ne2 d6 7. O-O Nc6 8. a3 Ba5
9. Bd2 h6 10. Nb1 Bb6 11. b4 cxd4 12. b5 Ne5 13. Bc2 d3 14. Bxd3 Nxd3 15. a4 Ne5
16. a5 Bc5 17. Nbc3 Nxc4 18. Nf4 d5 19. Nd3 Bd6 20. Ne2 Bd7 21. Rb1 Nxa5 22.
Bxa5 Qxa5 23. Nd4 Rfc8 24. Ra1 Qb6 25. Nf4 e5 26. Nxd5 Nxd5 27. Qf3 exd4 28.
Qxd5 dxe3 29. fxe3 Be6 30. Qf3 Bc5 31. Kh1 Qxb5 32. Rab1 Qc6 33. Rbc1 Qxf3 34.
Rxf3 b6 35. e4 a5 36. e5 a4 37. Ra1 a3 38. h4 a2 39. Rf2 Bxf2 0-1

[Event "World Blitz 2025"]
[Site "Doha QAT"]
[Date "2025.12.29"]
[Round "1.126"]
[White "Ansat, Aldiyar"]
[Black "Al-Mansouri, Fahad"]
[Result "1-0"]
[WhiteTitle "IM"]
[WhiteElo "2479"]
[BlackElo "1607"]
[WhiteFideId "13715658"]
[BlackFideId "12102407"]
[EventDate "2025.12.29"]

1. e4 c5 2. Nf3 g6 3. h4 Nf6 4. e5 Nd5 5. h5 Bg7 6. h6 Bf8 7. Nc3 Nxc3 8. dxc3
Nc6 9. Bc4 e6 10. Bg5 Be7 11. Bxe7 Qxe7 12. Qd2 b6 13. O-O-O Bb7 14. Qf4 O-O-O
15. Ng5 Rdf8 16. Ne4 Kb8 17. Rd6 Na5 18. Bb5 Bc6 19. Bxc6 Nxc6 20. Rhd1 Rd8 21.
Ng5 Kc7 22. Qf6 Qxf6 23. exf6 Kb7 24. Rxd7+ Rxd7 25. Rxd7+ Kc8 26. Rxf7 Ne5 27.
Rxa7 Rd8 28. f7 1-0

[Event "World Blitz 2025"]
[Site "Doha QAT"]
[Date "2025.12.29"]
[Round "2.1"]
[White "Carlsen, Magnus"]
[Black "Haug, Havard"]
[Result "1-0"]
[WhiteTitle "GM"]
[BlackTitle "FM"]
[WhiteElo "2840"]
[BlackElo "2416"]
[WhiteFideId "1503014"]
[BlackFideId "1547887"]
[EventDate "2025.12.29"]

1. e4 c6 2. Nf3 d5 3. d3 Bg4 4. h3 Bxf3 5. Qxf3 e6 6. g3 Nd7 7. Bg2 Ngf6 8. Nd2
Bd6 9. Qe2 O-O 10. O-O Qe7 11. Re1 Rad8 12. exd5 cxd5 13. c4 Nb6 14. Nf3 h6 15.
b3 Bb4 16. Rf1 Rfe8 17. Bb2 Ba3 18. Bd4 Bc5 19. Bxc5 Qxc5 20. d4 Qc7 21. Rac1
dxc4 22. bxc4 Qe7 23. Rfd1 Rc8 24. Rc2 Red8 25. Rb1 Rc7 26. Bf1 Rdc8 27. Rbc1 g6
28. Qe3 Kg7 29. Qb3 Nbd7 30. Re1 Qf8 31. a4 b6 32. a5 bxa5 33. Qa2 Nb6 34. c5
Nbd5 35. Qxa5 h5 36. Rb2 Rb8 37. Reb1 Rxb2 38. Rxb2 Qd8 39. Bg2 Qc8 40. Ne5 Ne7
41. Nc4 Nf5 42. Rd2 Rd7 43. c6 Rxd4 44. Rxd4 Nxd4 45. Nd6 Qb8 46. Qe5 Qb1+ 47.
Kh2 Qb2 48. Ne8+ Kf8 49. Qc5+ Kg8 50. Nxf6+ Kg7 51. Ne4 1-0

[Event "World Blitz 2025"]
[Site "Doha QAT"]
[Date "2025.12.29"]
[Round "2.2"]
[White "Sanal, Vahap"]
[Black "Firouzja, Alireza"]
[Result "0-1"]
[WhiteTitle "GM"]
[BlackTitle "GM"]
[WhiteElo "2546"]
[BlackElo "2762"]
[WhiteFideId "6300545"]
[BlackFideId "12573981"]
[EventDate "2025.12.29"]

1. e4 c5 2. Nc3 d6 3. Bb5+ Nc6 4. Bxc6+ bxc6 5. d3 g6 6. f4 Bg7 7. Nf3 f5 8. O-O
Nh6 9. e5 O-O 10. Qe2 Nf7 11. Re1 Qc7 12. Bd2 Rb8 13. b3 Re8 14. Na4 Be6 15. c4
Rbd8 16. Bc3 Bh6 17. g3 Qc8 18. Rad1 Bf8 19. Qf2 Qb8 20. d4 cxd4 21. Nxd4 Qc8
22. Nxe6 Qxe6 23. exd6 Qc8 24. dxe7 Rxe7 25. Rxd8 Rxe1+ 26. Bxe1 Qxd8 27. Qxa7
Qd1 28. Qe3 Nd6 29. Nc3 Qa1 30. Qe6+ Kg7 31. Qe5+ Kh6 32. Kg2 Qb2+ 33. Bf2 Nf7
34. Qf6 Bc5 35. Nd1 Qxf6 0-1

[Event "World Blitz 2025"]
[Site "Doha QAT"]
[Date "2025.12.29"]
[Round "2.3"]
[White "Nepomniachtchi, Ian"]
[Black "Warmerdam, Max"]
[Result "1-0"]
[WhiteTitle "GM"]
[BlackTitle "GM"]
[WhiteElo "2723"]
[BlackElo "2573"]
[WhiteFideId "4168119"]
[BlackFideId "1048104"]
[EventDate "2025.12.29"]

1. e4 c5 2. Nf3 d6 3. d4 cxd4 4. Nxd4 Nf6 5. Nc3 Nc6 6. Bc4 e6 7. Be3 Bd7 8. Qe2
a6 9. a3 b5 10. Ba2 Qc7 11. O-O Be7 12. f4 O-O 13. f5 Nxd4 14. Bxd4 exf5 15.
exf5 Bc6 16. Rae1 Rfe8 17. Qd2 d5 18. Re3 Rad8 19. Rg3 Qd6 20. Qg5 Bf8 21. Bxf6
h6 22. Qh4 d4 23. Bxg7 1-0

[Event "World Blitz 2025"]
[Site "Doha QAT"]
[Date "2025.12.29"]
[Round "2.4"]
[White "Anton Guijarro, David"]
[Black "Dubov, Daniil"]
[Result "0-1"]
[WhiteTitle "GM"]
[BlackTitle "GM"]
[WhiteElo "2646"]
[BlackElo "2672"]
[WhiteFideId "2285525"]
[BlackFideId "24126055"]
[EventDate "2025.12.29"]

1. d4 Nf6 2. Nf3 g6 3. Bg5 Bg7 4. Nbd2 O-O 5. e4 d6 6. h3 Nc6 7. c3 h6 8. Be3 e5
9. Bd3 Re8 10. O-O Qe7 11. Re1 Bd7 12. a3 a5 13. d5 Nb8 14. b4 b6 15. c4 Na6 16.
Rb1 Nh5 17. Qe2 Bc8 18. bxa5 Nf4 19. Bxf4 exf4 20. axb6 Nc5 21. e5 dxe5 22. Ne4
cxb6 23. Rxb6 Rxa3 24. d6 Qa7 25. Nxc5 Qxb6 26. d7 Bxd7 27. Nxd7 Qd6 28. Ndxe5
Bxe5 29. Nxe5 Ra5 30. Qf3 Raxe5 31. Rxe5 Rxe5 32. Be4 Qd4 33. Bd5 Kg7 34. Kh2 h5
35. h4 Re1 36. Bc6 Rf1 0-1

[Event "World Blitz 2025"]
[Site "Doha QAT"]
[Date "2025.12.29"]
[Round "2.5"]
[White "Abdusattorov, Nodirbek"]
[Black "Ponkratov, Pavel"]
[Result "0-1"]
[WhiteTitle "GM"]
[BlackTitle "GM"]
[WhiteElo "2732"]
[BlackElo "2587"]
[WhiteFideId "14204118"]
[BlackFideId "4157800"]
[EventDate "2025.12.29"]

1. e4 e6 2. d4 d5 3. e5 c5 4. c3 Nc6 5. Nf3 Bd7 6. Be2 f6 7. O-O fxe5 8. dxe5
Qc7 9. c4 Nge7 10. Bf4 d4 11. Nbd2 O-O-O 12. Ne4 Nf5 13. Nfg5 Nh6 14. Nd6+ Bxd6
15. exd6 Qb6 16. Qd2 e5 17. Bg3 Bf5 18. Bf3 Rxd6 19. Rfe1 Re8 20. a3 Qb3 21. Ne4
Bxe4 22. Bxe4 Nf7 23. Bxh7 g6 24. Qe2 Kc7 25. Qg4 Nh6 26. Qe4 Ree6 27. f4 Nf5
28. fxe5 Rd7 29. Bg8 Nxg3 30. hxg3 Rxe5 31. Qf4 g5 32. Qf6 Qxg3 33. Rxe5 Nxe5
34. Bd5 Ng4 35. Qxg5 Rh7 0-1

[Event "World Blitz 2025"]
[Site "Doha QAT"]
[Date "2025.12.29"]
[Round "2.7"]
[White "Chigaev, Maksim"]
[Black "Erigaisi, Arjun"]
[Result "0-1"]
[WhiteTitle "GM"]
[BlackTitle "GM"]
[WhiteElo "2626"]
[BlackElo "2775"]
[WhiteFideId "4108116"]
[BlackFideId "35009192"]
[EventDate "2025.12.29"]

1. Nf3 Nf6 2. c4 g6 3. Nc3 Bg7 4. e4 d6 5. d4 O-O 6. Be2 e5 7. O-O h6 8. d5 a5
9. c5 dxc5 10. Nxe5 Nxe4 11. Nxe4 Bxe5 12. Nxc5 Qd6 13. Nd3 Bg7 14. Bf3 Bf5 15.
Bf4 Qb6 16. Rc1 Na6 17. b3 Rfe8 18. h4 Qb5 19. Rc4 Rad8 20. Be3 Qd7 21. Nc5 Nxc5
22. Rxc5 b6 23. Rc4 h5 24. Qc1 Be5 25. Bg5 Rc8 26. Rc6 Bg4 27. Rd1 Bxf3 28. gxf3
Qh3 29. f4 Qg4+ 30. Kh2 Bd6 31. Re1 Rxe1 32. Qxe1 Bxf4+ 33. Bxf4 Qxf4+ 34. Kg1
Qg4+ 35. Kf1 Qxh4 36. Qe5 Qh3+ 37. Kg1 Qd7 38. Kh2 Rd8 39. Rxc7 Qxd5 40. Qf4 Re8
41. Ra7 Re1 42. f3 Kg7 43. Rc7 Rd1 44. Rc2 Qd4 45. Qxd4+ Rxd4 46. Kg3 Rd6 47.
Rc4 Rd2 48. a3 Rd3 49. b4 Rxa3 0-1

[Event "World Blitz 2025"]
[Site "Doha QAT"]
[Date "2025.12.29"]
[Round "2.8"]
[White "Bortnyk, Olexandr"]
[Black "Bai, Jinshi"]
[Result "1-0"]
[WhiteTitle "GM"]
[BlackTitle "GM"]
[WhiteElo "2601"]
[BlackElo "2599"]
[WhiteFideId "14120828"]
[BlackFideId "8602280"]
[EventDate "2025.12.29"]

1. d4 d5 2. Nc3 Nf6 3. Bf4 e6 4. Nb5 Bb4+ 5. c3 Ba5 6. a4 a6 7. b4 Nc6 8. bxa5
axb5 9. axb5 Nxa5 10. e3 Bd7 11. Nf3 O-O 12. Bg5 h6 13. Bh4 Nc4 14. Bxc4 Rxa1
15. Qxa1 dxc4 16. O-O Bxb5 17. e4 Qa8 18. Qb1 Bc6 19. Bxf6 gxf6 20. Re1 Qa5 21.
Qc1 Qh5 22. Qf4 Qg6 23. Re3 Kh7 24. Nd2 e5 25. dxe5 Rd8 26. Rg3 fxe5 27. Qxe5
Rxd2 28. h4 Qxg3 29. Qxg3 Rd3 30. Qxc7 Kg8 31. Qb8+ Kh7 32. Qf4 Kg8 33. Qxh6
Rxc3 34. Qg5+ Kf8 35. h5 Rd3 36. h6 Bxe4 37. Qg7+ Ke7 38. Qe5+ 1-0

[Event "World Blitz 2025"]
[Site "Doha QAT"]
[Date "2025.12.29"]
[Round "2.9"]
[White "Salinas Herrera, Pablo"]
[Black "Vachier-Lagrave, Maxime"]
[Result "1-0"]
[WhiteTitle "GM"]
[BlackTitle "GM"]
[WhiteElo "2473"]
[BlackElo "2734"]
[WhiteFideId "3407128"]
[BlackFideId "623539"]
[EventDate "2025.12.29"]

1. e4 c5 2. Nf3 d6 3. Bb5+ Bd7 4. Bxd7+ Qxd7 5. O-O Nc6 6. c3 d5 7. e5 e6 8. d3
Nge7 9. Re1 h6 10. Nbd2 g5 11. Nf1 Ng6 12. h3 d4 13. c4 Bg7 14. Ng3 Ngxe5 15.
Nh5 O-O 16. Nxe5 Nxe5 17. Nxg7 Ng6 18. Nh5 f5 19. f4 gxf4 20. Nxf4 Nxf4 21. Bxf4
Kh7 22. Qf3 Rf6 23. Re2 Rg8 24. Rae1 a5 25. Re5 b6 26. Kh2 Rfg6 27. g3 Rf6 28.
Qh5 Rg7 29. a3 a4 30. Qf3 Rg8 31. Qd1 Qc6 32. Qe2 Rgg6 33. Qg2 Qc8 34. R5e2 Rf7
35. Qf3 Rff6 36. Rb1 Rf7 37. b3 axb3 38. Rxb3 Rb7 39. Reb2 Re7 40. Be5 Qa6 41.
Rxb6 Qxa3 42. Rb8 Rg8 43. R8b7 Rxb7 44. Rxb7+ Kg6 45. h4 Qa2+ 46. Kh3 h5 47. Qf4 1-0